| 000 | 00756nam a2200205 4500 | ||
|---|---|---|---|
| 001 | 126964 | ||
| 003 | ES-MaACL | ||
| 005 | 20250630225035.0 | ||
| 007 | t| | ||
| 008 | 070214s1956 sp r ||||1| spa d | ||
| 100 | 1 |
_aRibera, Antonio. _996769 |
|
| 245 | 1 | 4 |
_aLos hombres-peces _b: (exploración y arqueología submarinas) / _cAntonio Ribera ; prólogo del Doctor Luis Pericot y carta del Comandante Jacques Yves Cousteau ; [versión ampliada y revisada por el autor]. |
| 250 | _a1ª ed. | ||
| 260 |
_aBarcelona : _bJuventud, _c1956. |
||
| 300 |
_a206 p., 14 lám. ; _c22 cm. |
||
| 700 | 1 |
_aPericot, Luis, _d1899-1978 _991262 |
|
| 700 | 1 |
_aCousteau, Jacques Yves. _941315 |
|
| 852 |
_aES-MaACL _jC-11760 _bR.39628 |
||
| 999 |
_c126964 _d126964 |
||